| 000 | 01017cam a22003135a 4500 | ||
|---|---|---|---|
| 999 |
_c26212 _d26184 |
||
| 001 | 011964665 | ||
| 003 | EG-ScBUE | ||
| 005 | 20210318113443.0 | ||
| 008 | 021223r20022000enk f 000 0 eng d | ||
| 020 | _a9780413771346 | ||
| 020 | _a0413771342 | ||
| 040 |
_aStDuBDS _beng _erda _dUk _dEG-ScBUE _cEG-ScBUE |
||
| 082 | 0 | 4 |
_a822.91409 _bDRO _222 |
| 100 | 1 |
_aDromgoole, Dominic, _eauthor. |
|
| 245 | 1 | 4 |
_aThe full room : _ban A-Z of contemporary playwriting / _cDominic Dromgoole. |
| 250 | _aReprinted edition. | ||
| 264 | 1 |
_aLondon : _bMethuen Publishing Limited, _c2002. |
|
| 300 |
_axiv, 306 pages ; _c22 cm |
||
| 336 |
_2rdacontent _atext _btxt |
||
| 337 |
_2rdamedia _aunmediated _bn |
||
| 338 |
_2rdacarrier _avolume _bnc |
||
| 500 | _aOriginally published : 2000. | ||
| 650 | 7 |
_aDramatists, English _y20th century. _2BUEsh |
|
| 650 | 7 |
_aEnglish drama _y20th century _xHistory and criticism. _2BUEsh |
|
| 651 | _2BUEsh | ||
| 653 |
_bHHUUEENN _cFebruary2018 |
||
| 655 |
_vReading book _934232 |
||
| 942 |
_2ddc _cBB |
||